| 000 -LEADER | |
|---|---|
| fixed length control field | 00476nam a22001697a 4500 |
| 005 - DATE AND TIME OF LATEST TRANSACTION | |
| control field | 20230329145126.0 |
| 008 - FIXED-LENGTH DATA ELEMENTS--GENERAL INFORMATION | |
| fixed length control field | 230329b |||||||| |||| 00| 0 eng d |
| 041 ## - LANGUAGE CODE | |
| Language code of text/sound track or separate title | eng |
| 082 ## - DEWEY DECIMAL CLASSIFICATION NUMBER | |
| Classification number | 615.19-MIN-N |
| 100 ## - MAIN ENTRY--AUTHOR NAME | |
| Personal name | MINISTRY OF HEALTH & FAMILY WELFARE GOVERNMENT OF INDIA |
| 245 ## - TITLE STATEMENT | |
| Title | NATIONAL FORMULARY OF INDIA 2021 |
| 250 ## - EDITION STATEMENT | |
| Edition statement | 6th ed. |
| 260 ## - PUBLICATION, DISTRIBUTION, ETC. (IMPRINT) | |
| Place of publication | GHAAZIABAD |
| Name of publisher | INDIAN PHARMACOPOEIA |
| Year of publication | 2021 |
| 300 ## - PHYSICAL DESCRIPTION | |
| Number of Pages | 997;P. |
| 650 ## - SUBJECT ADDED ENTRY--TOPICAL TERM | |
| Topical Term | PHARMACY |
| General subdivision | B.PHARMA |
| 942 ## - ADDED ENTRY ELEMENTS (KOHA) | |
| Koha item type | Books |
| Lost status | Damaged status | Collection code | Home library | Current library | Shelving location | Date acquired | Source of acquisition | Cost, normal purchase price | Full call number | Accession Number | Koha item type |
|---|---|---|---|---|---|---|---|---|---|---|---|
| Reference | JRU Library | JRU Library | Shelf - 21- G | 23/03/2023 | LOHIA BOOK INTERNATIONAL | 995.00 | 615.19-MIN-N | 27596 | Books | ||
| PHARMACY | JRU Library | JRU Library | SHELF-18-G | 23/03/2023 | LOHIA BOOK INTERNATIONAL | 995.00 | 615.19-MIN-N | 27597 | Books | ||
| PHARMACY | JRU Library | JRU Library | SHELF-18-G | 23/03/2023 | LOHIA BOOK INTERNATIONAL | 995.00 | 615.19-MIN-N | 27598 | Books | ||
| PHARMACY | JRU Library | JRU Library | SHELF-18-G | 23/03/2023 | LOHIA BOOK INTERNATIONAL | 995.00 | 615.19-MIN-N | 27599 | Books | ||
| PHARMACY | JRU Library | JRU Library | SHELF-18-G | 23/03/2023 | LOHIA BOOK INTERNATIONAL | 995.00 | 615.19-MIN-N | 27600 | Books |